00513nam a2200169 450000500170000001000150001702000270003203500140005903700130007308200100008610000240009624500500012026000350017027000650020530000230027050000500029320200123121700.0 aENG-127526 c1395.00a9789382730651 aEN-111058 bDBAD/PUB a915.4 aChavan,Udhav Eknath aGeography of tourism/cby Udhav Eknath Chavan aKanpurbGarima Prakashanc2019 a1st floor, Mayur Park, Basant Vihar NaubastabKanpure208021 avi;328p.c22cm(hb) aincludes bibliographical references and index